Búrka úrodu nezničila kombajny zaberajú pod Pieninami

Bibliographic Details
Format: Article
Language:Slovak
Subjects:

MARC

LEADER 00000nab a2200000 a 4500
001 vtls001021723
003 SK-MaSNL
005 20260305033100.0
008 040720e19930811xo 0 slo
035 |a SL320 
040 |a SLLK  |b slo  |c SLLK  |e AACR2 
041 0 |a slo 
044 |a xo  |c SK 
080 |a 631.111.1  |2 1981 
245 0 0 |a Búrka úrodu nezničila  |b kombajny zaberajú pod Pieninami  |c [autor] (Lúč-mh) 
650 0 7 |a poľnohospodárstvo  |2 SLLK  |9 679 
650 0 7 |a poľnohospodárske práce   |2 SLLK  |9 86708 
651 7 |a Stará Ľubovňa (Slovensko : okres)  |2 snkbucl  |9 19196 
773 0 8 |t Lúč  |g Roč. 2, č.185, 11.8.1993, s. 3 
852 |a ZVYKNI  |b KIS3GCP 
999 |c 3322751  |d 3324681